О должностных лицах системы Министерства внутренних дел Российской Федерации, уполномоченных составлять протоколы об административных правонарушениях и осуществлять административное задержание Сборник
Приведен полный текст перечня должностных лиц системы Министерства внутренних дел Российской Федерации уполномоченных составлять протоколы об административных правонарушениях и осуществлять административное задержание....
Salvato in:
| Autore principale: | |
|---|---|
| Natura: | Сборник |
| Edizione: | 1 |
| Accesso online: | https://znanium.ru/catalog/document?id=441191 https://znanium.ru/cover/2133/2133830.jpg |
| Tags: |
Aggiungi Tag
Nessun Tag, puoi essere il primo ad aggiungerne! !
|
| LEADER | 02262nam0a2200361 i 4500 | ||
|---|---|---|---|
| 001 | RU\infra-m\znanium\bibl\2133830 | ||
| 003 | https://znanium.ru/catalog/document?id=441191 | ||
| 005 | 20240202000000.0 | ||
| 010 | |a 978-5-16-019691-6 | ||
| 010 | |a 978-5-16-112246-4 |b электр. издание | ||
| 100 | |a 20240202d2024 m y0rusy0150 ca | ||
| 101 | 0 | |a rus | |
| 102 | |a RU | ||
| 200 | 1 | |a О должностных лицах системы Министерства внутренних дел Российской Федерации, уполномоченных составлять протоколы об административных правонарушениях и осуществлять административное задержание |e Сборник | |
| 205 | |a 1 | ||
| 210 | 1 | |a Москва |c ООО "Научно-издательский центр ИНФРА-М" |d 2024 | |
| 215 | |a 16 с. | ||
| 330 | |a Приведен полный текст перечня должностных лиц системы Министерства внутренних дел Российской Федерации уполномоченных составлять протоколы об административных правонарушениях и осуществлять административное задержание. | ||
| 333 | |a Дополнительное профессиональное образование | ||
| 606 | |a Право. Юридические науки |x Административное право. Муниципальное право. |2 local | ||
| 608 | |a Сборник |2 local | ||
| 675 | |a 342.98 |z rus | ||
| 686 | |a 67.401 |2 rubbk | ||
| 686 | |a 40.02.02 |2 okso | ||
| 686 | |a 40.02.04 |2 okso | ||
| 686 | |a 40.03.01 |2 okso | ||
| 686 | |a 40.05.02 |2 okso | ||
| 686 | |a 40.05.04 |2 okso | ||
| 686 | |a 46.03.02 |2 okso | ||
| 700 | 1 | |a Без автора | |
| 801 | 0 | |a RU |b Общество с ограниченной ответственностью «ЗНАНИУМ» |c 20231218 |2 rusmarc | |
| 856 | 4 | |a znanium.ru |m ebs_support@infra-m.ru |n НИЦ ИНФРА-М |u https://znanium.ru/catalog/document?id=441191 | |
| 856 | 4 | 1 | |a znanium.ru |d /cover/2133 |f 2133830.jpg |q image/jpeg |u https://znanium.ru/cover/2133/2133830.jpg |